000 00511nam a2200253Ia 4500
001 067779
003 YMCAF
005 20230512160447.0
008 100717s9999 ||||||||||||||||| ||und|d
020 _a-
024 _a67779
035 _a7242
040 _aYMCAF
_beng
_cIN-KoLT
041 _aeng
082 _a519.5
_bKAP
100 _aKAPOOR, O P
245 0 _aSIMPLIFIED STATISTICS
250 _a-
260 _bDhanpat Rai
_c-
300 _a248
653 _a-
653 _a-
942 _2ddc
_cBK
999 _c4695
_d4695